| 000 | 00641nam a22002177a 4500 | ||
|---|---|---|---|
| 003 | BUBTL | ||
| 008 | 191210b xxu||||| |||| 00| 0 eng d | ||
| 020 | _a0-02-421932-0 | ||
| 082 | _a658.83/TUM | ||
| 100 |
_92542 _aTull,Donald S. |
||
| 245 |
_aMarketing Research Measurement & Method _bDonald S. Tull/Del I. Hawkins |
||
| 250 | _a6th | ||
| 260 |
_aNew York _bMacmillan _c1993 |
||
| 300 |
_a[xviii],863p.: _bTable, 23cm. _cMarketing. |
||
| 500 | _aIncludes Index. | ||
| 650 | 0 |
_953 _aMarketing |
|
| 700 |
_aDonald S. Tull/Del I. Hawkins _92543 |
||
| 856 |
_k0 _l0 _yDownload |
||
| 942 |
_2ddc _cBK |
||
| 999 |
_c6179 _d6179 |
||